Historia de la cultura griega / (Record no. 186335)
[ view plain ]
| 000 -LEADER | |
|---|---|
| campo de control de longitud fija | 01212nam a2200265 i 4500 |
| 001 - NÚMERO DE CONTROL | |
| campo de control | 186335 |
| 003 - IDENTIFICADOR DE NÚMERO DE CONTROL | |
| campo de control | SpMaBN |
| 005 - FECHA Y HORA DE LA ÚLTIMA TRANSACCIÓN | |
| campo de control | 20250628040802.0 |
| 008 - DATOS DE LONGITUD FIJA--INFORMACIÓN GENERAL | |
| campo de control de longitud fija | 161025m19711974sp |||| |dspa d |
| 020 ## - NÚMERO INTERNACIONAL ESTÁNDAR DEL LIBRO | |
| Número Internacional Estándar del Libro | 84-7082-134-2 |
| 080 ## - NÚMERO DE LA CLASIFICACIÓN DECIMAL UNIVERSAL | |
| Número de la Clasificación Decimal Universal | 930.85(38) |
| 100 1# - ENTRADA PRINCIPAL--NOMBRE DE PERSONA | |
| Nombre de persona | Burckhardt, Jacob, |
| Fechas asociadas al nombre | 1818-1897 |
| 9 (RLIN) | 32584 |
| 245 10 - MENCIÓN DEL TÍTULO | |
| Título | Historia de la cultura griega / |
| Mención de responsabilidad, etc. | Jacob Burkhardt ; [traductores, del alemán, Eugenio Imaz, Antonio Tovar, Germán J. Fons]. |
| 260 ## - PUBLICACIÓN, DISTRIBUCIÓN, ETC. | |
| Lugar de publicación, distribución, etc. | Barcelona : |
| Nombre del editor, distribuidor, etc. | Iberia, |
| Fecha de publicación, distribución, etc. | [1971-1974] |
| 300 ## - DESCRIPCIÓN FÍSICA | |
| Extensión | 5 v. ; |
| Dimensiones | 18 cm. |
| 490 1# - MENCIÓN DE SERIE | |
| Mención de serie | Obras maestras |
| 505 8# - NOTA DE CONTENIDO CON FORMATO | |
| Nota de contenido con formato | Contiene: 1. Los griegos y su mito ; Estado y nación - 2. Religión y culto ; La indagación del porvenir ; Para el balance general de la vida griega - 3. El arte ; Poesía y música ; Sobre la filosofía, la ciencia y la oratoria - 4-5. El hombre griego |
| 594 ## - Nota al título y mención de responsabilidad | |
| Nota al título y mención de responsabilidad | v. 1-2 trad. por Eugenio Imaz ; v. 3 trad. por Antonio Tovar ; v. 4-5 trad. por Germán J. Fons. |
| 650 #7 - PUNTO DE ACCESO ADICIONAL DE MATERIA--TÉRMINO DE MATERIA | |
| Término de materia o nombre geográfico como elemento de entrada | Civilización griega. |
| 9 (RLIN) | 137206 |
| 700 1# - ENTRADA AGREGADA--NOMBRE PERSONAL | |
| Nombre de persona | Imaz, Eugenio. |
| 9 (RLIN) | 65203 |
| 700 1# - ENTRADA AGREGADA--NOMBRE PERSONAL | |
| Nombre de persona | Tovar, Antonio, |
| Fechas asociadas al nombre | 1911-1985 |
| 9 (RLIN) | 111167 |
| 830 1# - PUNTO DE ACCESO ADICIONAL DE SERIE-TÍTULO UNIFORME | |
| Título uniforme | Obras maestras |
| 9 (RLIN) | 181001 |
| 852 ## - LOCALIZACIÓN | |
| Ubicación | ES-MaACL |
| Número de control de estantería | L-30695-99 |
| Nota libre | - Donat. Miguel A. Velasco |
| Estatus retirado | Estado de pérdida | Estado de daño | No para préstamo | Biblioteca de origen | Biblioteca actual | Ubicación en estantería | Fecha de adquisición | Fuente de adquisición | Total de préstamos | Signatura topográfica completa | Código de barras | Visto por última vez | Precio de reemplazo | Tipo de ítem Koha |
|---|---|---|---|---|---|---|---|---|---|---|---|---|---|---|
| Biblioteca del Ateneo de Madrid | Biblioteca del Ateneo de Madrid | Depósito 2 | 25/10/2016 | L-30695-99 | 1196481 | 23/02/2023 | 23/02/2023 | Libro impreso |
